logo

Bir Sreshtho Munshi Abdur Rouf Library
Jhenaidah Cadet College

The art of story-telling, (Record no. 9236)

MARC details
000 -LEADER
fixed length control field 00782cam a22002531 4500
003 - CONTROL NUMBER IDENTIFIER
JCCL marc code BD-JhCC
005 - DATE AND TIME OF LATEST TRANSACTION
control field 20190509095336.0
008 - FIXED-LENGTH DATA ELEMENTS--GENERAL INFORMATION
fixed length control field 750715s1914 xx 000 0 eng
035 ## - SYSTEM CONTROL NUMBER
system control number (BD-JhCC)
040 ## - CATALOGING SOURCE
Original cataloging agency DLC
Transcribing agency DLC
Modifying agency DLC
-- BD-JhCC
041 ## - LANGUAGE CODE
Language code of Book eng
050 00 - LIBRARY OF CONGRESS CALL NUMBER
Classification number LB1042
Item number .C5
082 ## - DEWEY DECIMAL CLASSIFICATION NUMBER
Author mark and Year COW 1914
Classification number 372
100 1# - MAIN ENTRY--PERSONAL NAME
Personal name Cowles, Julia Darrow,
Dates associated with a name 1862-1919.
245 14 - TITLE STATEMENT
Title The art of story-telling,
Remainder of title with nearly half a hundred stories,
Statement of responsibility, etc by Julia Darrow Cowles ...
260 ## - PUBLICATION, DISTRIBUTION, ETC. (IMPRINT)
Place of publication, distribution, etc Chicago,
Name of publisher, distributor, etc A. C. McClurg & co.,
Date of publication, distribution, etc 1914.
300 ## - PHYSICAL DESCRIPTION
Pagination 6 p. l., 269 p.
Dimensions 18 cm.
500 ## - GENERAL NOTE
General note "Books for the story-teller": p. 267-269.
650 #0 - SUBJECT ADDED ENTRY--TOPICAL TERM
Topical term or geographic name as entry element Storytelling.
650 #0 - SUBJECT ADDED ENTRY--TOPICAL TERM
Topical term or geographic name as entry element Children's stories.
856 41 - ELECTRONIC LOCATION AND ACCESS
Uniform Resource Identifier http://hdl.loc.gov/loc.gdc/scd0001.00213645997
942 ## - ADDED ENTRY ELEMENTS (KOHA)
Source of classification or shelving scheme Dewey Decimal Classification
Koha item type Books
Holdings
Source of classification or shelving scheme Damaged status Not for loan Home library Current library Shelving location Total Checkouts Full call number Barcode Date last seen Copy number Koha item type
Dewey Decimal Classification     JCC Rouf Library JCC Rouf Library General Stacks   372 COW 1914 12364 03/12/2018 C - 1 Books

JCC Library | Contacts | JCC Home

Last Update on 23 September 2017
Copyright @ 2017-2020 JCC Rouf Library
Rouf Library, Jhenidah Cadet College (JCC), Bangladesh